|
|
|
|
| LEADER |
00000nam a2200000 a 4500 |
| 001 |
vtls001425356 |
| 003 |
SK-MaSNL |
| 005 |
20260302001750.0 |
| 008 |
240318s2001 xo ap r yy hun |
| 015 |
|
|
|a SNBA2002/03-01059
|
| 020 |
|
|
|a 8008032804
|
| 035 |
|
|
|a SNK000380250
|
| 035 |
|
|
|a urn:nbn:sk:snk-amk230
|
| 035 |
|
|
|a urn:nbn:sk:snk-am0086iz
|
| 035 |
|
|
|a 0BF45CE3-AE15-4439-8B8F-5753A2B64C46
|
| 040 |
|
|
|a SNK
|b slo
|c SNK
|e AACR2
|
| 041 |
0 |
|
|a hun
|
| 044 |
|
|
|a xo
|c SK
|
| 080 |
|
|
|a 809.451.1(075.3)
|2 1981
|
| 100 |
1 |
|
|a Kovács, László
|4 aut
|9 7207
|
| 245 |
1 |
0 |
|a Magyar nyelv a középiskola 1.-4. osztálya számára
|c Kovács László
|
| 246 |
1 |
0 |
|a Maďarský jazyk pre 1.-4. ročník stredných škôl s vyučovacím jazykom maďarským
|
| 250 |
|
|
|a 2. kiad.
|
| 260 |
|
|
|a Bratislava
|b Slovenské pedagogické nakladateľstvo
|c 2001
|
| 300 |
|
|
|a 236 s.
|b sch., tab.
|c 21 cm
|
| 500 |
|
|
|a Súbež. názov slov.
|
| 504 |
|
|
|a Bibliogr. odkazy
|
| 650 |
0 |
7 |
|a maďarčina
|x učebnice stred. škôl (1.-4. roč.) maď.
|2 SNK
|9 502223
|
| 655 |
|
7 |
|a učebnice
|2 SNK
|9 22521
|
| 919 |
|
|
|a 80-08-03280-4
|
| 958 |
|
|
|a TL
|
| 958 |
|
|
|a HU
|
| 958 |
|
|
|a UC
|
| 999 |
|
|
|c 985176
|d 987106
|
| 952 |
|
|
|t P60, <03>, [BOOK], {603}
|a SNK
|b SNK
|y PREZ
|7 0
|p 17A0325076
|o snkSC 106736
|i snkKSP 13627/2001
|0 0
|1 0
|4 0
|d 2001-12-06
|f 1
|l 0
|r 2025-09-26 00:00:00
|w 2026-02-24
|
| 952 |
|
|
|t P60, <04>, [BOOK], {604}
|a SNK
|b SNK
|y VYP
|7 0
|p 17A0326411
|o snkSC 106736 D1
|i snkKSP 14034/2001
|0 0
|1 0
|4 0
|d 2001-12-20
|l 0
|r 2005-01-02 00:00:00
|w 2026-02-24
|
| 952 |
|
|
|t P60, <09>, [BOOK], {629}
|a SNK
|b SNK
|y NEVYP
|7 0
|o snkC 623
|i snk1050/20011228
|0 0
|1 0
|4 0
|d 2001-12-20
|l 0
|r 2005-01-02 00:00:00
|w 2026-02-24
|